Which Band Released This Album? - Statistics

General Stats
  • This quiz has been taken 33 times
    16 since last reset
  • The average score is 57 of 110
Answer Stats
Albums Artist % Correct
Highway to Hell AC/DC
100%
Abbey Road The Beatles
100%
Nevermind Nirvana
93%
Dark Side of the Moon Pink Floyd
93%
A Night at the Opera Queen
93%
OK Computer Radiohead
93%
London Calling The Clash
93%
Never Mind the Bollocks, Here's (artist's name) The Sex Pistols
93%
Paranoid Black Sabbath
86%
Rumours Fleetwood Mac
86%
Purple Rain Prince
86%
Californication Red Hot Chili Peppers
86%
Hotel California The Eagles
86%
The Marshall Mathers LP Eminem
79%
Appetite for Destruction Guns N' Roses
79%
Ride the Lightning Metallica
79%
Thriller Michael Jackson
79%
(What's the Story) Morning Glory Oasis
79%
Pet Sounds The Beach Boys
79%
Sticky Fingers The Rolling Stones
79%
My Generation The Who
79%
Toys in the Attic Aerosmith
71%
Thank U, Next Ariana Grande
71%
Born in the U.S.A. Bruce Springsteen
71%
Goodbye Yellow Brick Road Elton John
71%
Dookie Green Day
71%
The Number of the Beast Iron Maiden
71%
British Steel Judas Priest
71%
Physical Graffiti Led Zeppelin
71%
Rust In Peace Megadeth
71%
Horses Patti Smith
71%
Ten Pearl Jam
71%
Superunknown Soundgarden
71%
L.A. Woman The Doors
71%
Electric Ladyland The Jimi Hendrix Experience
71%
The Joshua Tree U2
71%
Dirt Alice in Chains
64%
Enema of the State Blink-182
64%
Parklife Blur
64%
Invisible Touch Genesis
64%
Dr. Feelgood Motley Crue
64%
Straight Outta Compton N.W.A.
64%
Blizzard of Ozz Ozzy Osbourne
64%
Automatic for the People R.E.M.
64%
1989 Taylor Swift
64%
Synchronicity The Police
64%
The Queen is Dead The Smiths
64%
Licensed to Ill Beastie Boys
57%
Highway 61 Revisited Bob Dylan
57%
Aladdin Sane David Bowie
57%
At Folsom Prison Johnny Cash
57%
Follow the Leader Korn
57%
The Downward Spiral Nine Inch Nails
57%
Rocket to Russia The Ramones
57%
1984 Van Halen
57%
Pyromania Def Leppard
50%
Reign In Blood Slayer
50%
The Joker Steve Miller Band
50%
Ready to Die The Notorious B.I.G.
50%
Mellon Collie and the Infinite Sadness The Smashing Pumpkins
50%
All Eyez on Me Tupac Shakur
50%
Parallel Lines Blondie
43%
Exodus Bob Marley and the Wailers
43%
Disraeli Gears Cream
43%
Fresh Fruit For Rotting Vegetables Dead Kennedys
43%
To Pimp a Butterfly Kendrick Lamar
43%
Fear of a Black Planet Public Enemy
43%
Iowa Slipknot
43%
Talking Book Stevie Wonder
43%
That'll Be the Day Buddy Holly
36%
Trout Mask Replica Captain Beefheart and his Magic Band
36%
Bayou Country Creedence Clearwater Revival
36%
Violator Depeche Mode
36%
Apostrophe (') Frank Zappa
36%
American Beauty Grateful Dead
36%
Live Through This Hole
36%
Antichrist Superstar Marilyn Manson
36%
Illmatic Nas
36%
Abraxas Santana
36%
Fear of Music The Talking Heads
36%
Lateralus Tool
36%
I Am... Sasha Fierce Beyonce
29%
Sixteen Stone Bush
29%
Nothing's Shocking Jane's Addiction
29%
Pearl Janis Joplin
29%
In the Aeroplane Over the Sea Neutral Milk Hotel
29%
Stankonia OutKast
29%
Frogstomp Silverchair
29%
Core Stone Temple Pilots
29%
Americana The Offspring
29%
Loaded The Velvet Underground
29%
Spreading the Disease Anthrax
21%
Human Clay Creed
21%
White Pony Deftones
21%
Slowhand Eric Clapton
21%
Significant Other Limp Bizkit
21%
Second Helping Lynyrd Skynyrd
21%
True Blue Madonna
21%
Operation: Mindcrime Queensryche
21%
Genius+Soul=Jazz Ray Charles
21%
Hellbilly Deluxe Rob Zombie
21%
Bookends Simon and Garfunkel
21%
Full Moon Fever Tom Petty
21%
Homework Daft Punk
14%
Man Machine Kraftwerk
14%
Silver Side Up Nickelback
14%
His Hand in Mine Elvis Presley
7%
Please Pet Shop Boys
7%
There's a Riot Goin' On Sly and the Family Stone
7%
Wide Open Spaces Dixie Chicks
0%
No matching quizzes found
Score Distribution
Percent of People with Each Score
Percentile by Number Answered
Your Score History
You have not taken this quiz since the last reset